Papers submitted at a conference on the future of measurement presented by the Department of Surveying, Nottingham Polytechnic, 22 April 1992. (Record no. 96229)

MARC details
000 -LEADER
fixed length control field 01199cam a2200241 4500
001 - CONTROL NUMBER
control field J786
008 - FIXED-LENGTH DATA ELEMENTS--GENERAL INFORMATION
fixed length control field 090401t1992 xxu||||| |||| 00| 0 eng d
035 ## - SYSTEM CONTROL NUMBER
System control number (Sirsi) u76686
041 ## - LANGUAGE CODE
Language code of text/sound track or separate title eng
050 ## - LIBRARY OF CONGRESS CALL NUMBER
Classification number 692.3
110 ## - MAIN ENTRY--CORPORATE NAME
Corporate name or jurisdiction name as entry element Nottingham Polytechnic Department of Surveying
9 (RLIN) 3353
245 ## - TITLE STATEMENT
Title Papers submitted at a conference on the future of measurement presented by the Department of Surveying, Nottingham Polytechnic, 22 April 1992.
260 ## - PUBLICATION, DISTRIBUTION, ETC.
Place of publication, distribution, etc. Nottingham
Name of publisher, distributor, etc. Nottingham Polytechnic
Date of publication, distribution, etc. 1992
300 ## - PHYSICAL DESCRIPTION
Extent (91) leaves ; 30cm.
350 ## - PRICE (NR) (BK AM CF MU VM SE) [OBSOLETE]
Price 0
520 ## - SUMMARY, ETC.
Summary, etc. Papers :- Measurement in the future role of the quantity surveyor/ MCDONAGH, N.H. - The identification and classification of measurement skills/ FORTUNE, C. - A practical view of the way ahead/ BURNHAM, P.J. - Education of the new measurers/ HUTCHINSON, K. - Quantities - who needs them?/ PASQUIRE, C. - Is there a future for measurement?/ ECCLES, K. - Trends in the measurement of mechanical and electrical services/ COFFEY, M & WATSON, B.
650 ## - SUBJECT ADDED ENTRY--TOPICAL TERM
Topical term or geographic name entry element CONFERENCES
650 ## - SUBJECT ADDED ENTRY--TOPICAL TERM
Topical term or geographic name entry element FUTURE OF MEASUREMENT
650 ## - SUBJECT ADDED ENTRY--TOPICAL TERM
Topical term or geographic name entry element BUILT ENVIRONMENT-QUANTITY SURVEYING
690 ## - LOCAL SUBJECT ADDED ENTRY--TOPICAL TERM (OCLC, RLIN)
Topical term or geographic name as entry element Quantity surveying
9 (RLIN) 6263
942 ## - ADDED ENTRY ELEMENTS (KOHA)
Suppress in OPAC 0
948 ## - LOCAL PROCESSING INFORMATION (OCLC); SERIES PART DESIGNATOR (RLIN)
c (OCLC) 04/03/1997
Holdings
Withdrawn status Lost status Source of classification or shelving scheme Damaged status Not for loan Home library Current library Shelving location Date acquired Total Checkouts Full call number Barcode Date last seen Date last checked out Copy number Price effective from Koha item type
    Dewey Decimal Classification     London London Folio 12/06/1992 9 F692.3 30033260 06/08/2019 26/11/2008 1 06/08/2019 Book